000 00306nam a2200109Ia 4500
008 220204s9999 xx 000 0 und d
082 _a541.14
_bSHI
245 0 _aPhotochemistry and photobiology of nucleic acids. V 1. Chemistry
260 _aNew York
_bAcademic
_c1976
700 _aShih Yi Wang
942 _cBK
999 _c26012
_d26012